Think India (Record no. 2961)

MARC details
000 -LEADER
fixed length control field 00363nam a22001577a 4500
005 - DATE AND TIME OF LATEST TRANSACTION
control field 20160616130336.0
008 - FIXED-LENGTH DATA ELEMENTS--GENERAL INFORMATION
fixed length control field 160616b xxu||||| |||| 00| 0 eng d
020 ## - INTERNATIONAL STANDARD BOOK NUMBER
ISBN 978-0-525-95020-2
041 ## - LANGUAGE CODE
Language code of text/sound track or separate title eng
082 ## - DEWEY DECIMAL CLASSIFICATION NUMBER
Item number 7992
100 ## - MAIN ENTRY--AUTHOR NAME
Personal name Rai, Vinay and simon william L.
245 ## - TITLE STATEMENT
Title Think India
300 ## - PHYSICAL DESCRIPTION
Number of Pages 258
650 ## - SUBJECT ADDED ENTRY--TOPICAL TERM
Topical Term Management
942 ## - ADDED ENTRY ELEMENTS (KOHA)
Koha item type Books
Holdings
Lost status Damaged status Collection code Home library Current library Shelving location Date acquired Full call number Accession Number Koha item type
    LIFE SKILL JRU Library JRU Library SHELF-103-G 16/06/2016 320.54 7992 Books